Countries Of The World By Population - Statistics

General Stats
  • This quiz has been taken 20 times
  • The average score is 54 of 195
Answer Stats
Rank Population Answer % Correct
1 1,411,750,000 China
100%
2 1,392,329,000 India
92%
3 334,882,000 United States
85%
4 277,749,853 Indonesia
69%
6 218,541,000 Nigeria
69%
5 249,556,743 Pakistan
69%
195 825 Vatican City
69%
8 169,828,911 Bangladesh
62%
7 216,264,607 Brazil
62%
13 105,163,988 Ethiopia
54%
20 68,042,591 France
54%
10 128,655,641 Mexico
54%
9 146,424,729 Russia
54%
37 39,984,254 Canada
46%
16 99,010,000 DR Congo
46%
14 104,927,248 Egypt
46%
19 84,270,625 Germany
46%
17 86,514,873 Iran
46%
11 124,500,000 Japan
46%
190 39,150 Monaco
46%
12 110,587,187 Philippines
46%
21 67,026,292 United Kingdom
46%
46 32,890,171 Afghanistan
38%
32 45,400,000 Algeria
38%
44 33,086,278 Angola
38%
31 46,044,703 Argentina
38%
53 26,526,275 Australia
38%
81 11,750,239 Belgium
38%
62 19,960,889 Chile
38%
27 52,215,503 Columbia
38%
48 30,832,019 Ghana
38%
35 41,190,700 Iraq
38%
25 58,815,463 Italy
38%
49 29,389,150 Ivory Coast
38%
63 19,877,148 Kazakhstan
38%
30 47,564,296 Kenya
38%
188 39,680 Liechtenstein
38%
45 33,042,500 Malaysia
38%
39 36,982,041 Morocco
38%
26 55,770,232 Myanmar
38%
193 11,832 Nauru
38%
67 17,878,040 Netherlands
38%
56 24,112,753 Niger
38%
54 25,660,000 North Korea
38%
43 33,396,698 Peru
38%
38 37,726,000 Poland
38%
191 33,847 San Marino
38%
24 60,604,992 South Africa
38%
29 48,196,693 Spain
38%
33 45,468,185 Sudan
38%
60 22,125,000 Syria
38%
23 61,741,120 Tanzania
38%
22 65,993,102 Thailand
38%
18 85,279,553 Turkey
38%
194 10,679 Tuvalu
38%
34 42,885,900 Uganda
38%
36 41,130,432 Ukraine
38%
40 36,273,308 Uzbekistan
38%
51 28,302,000 Venezuela
38%
15 99,460,000 Vietnam
38%
185 82,623 Andorra
31%
182 100,772 Antigua and Barbuda
31%
58 22,185,654 Burkina Faso
31%
72 15,552,211 Cambodia
31%
55 24,348,251 Cameroon
31%
166 569,509 Cape Verde
31%
160 758,316 Comoros
31%
84 11,089,511 Cuba
31%
186 73,000 Dominica
31%
178 125,000 Grenada
31%
70 17,109,746 Guatemala
31%
179 120,740 Kiribati
31%
52 26,923,353 Madagascar
31%
170 397,372 Maldives
31%
189 39,262 Marshall Islands
31%
181 105,754 Micronesia
31%
47 32,419,747 Mozambique
31%
192 16,733 Palau
31%
65 19,053,815 Romania
31%
76 13,246,394 Rwanda
31%
187 48,000 Saint Kitts and Nevis
31%
177 178,696 Saint Lucia
31%
180 110,696 Saint Vincent and the Grenadines
31%
176 205,557 Samoa
31%
175 214,610 São Tomé and Príncipe
31%
69 17,223,497 Senegal
31%
183 100,447 Seychelles
31%
162 728,041 Solomon Islands
31%
28 51,439,038 South Korea
31%
59 22,181,000 Sri Lanka
31%
184 100,179 Tonga
31%
173 301,295 Vanuatu
31%
42 33,697,000 Yemen
31%
64 19,610,769 Zambia
31%
73 15,178,979 Zimbabwe
31%
98 9,120,091 Austria
23%
150 1,501,635 Bahrain
23%
174 269,806 Barbados
23%
96 9,200,617 Belarus
23%
79 12,006,031 Bolivia
23%
71 16,818,391 Chad
23%
128 3,871,833 Croatia
23%
86 10,535,535 Dominican Republic
23%
66 18,311,455 Ecuador
23%
151 1,365,884 Estonia
23%
155 1,202,000 Eswatini
23%
158 893,468 Fiji
23%
88 10,482,487 Greece
23%
75 13,261,638 Guinea
23%
82 11,743,017 Haiti
23%
92 9,678,000 Hungary
23%
91 9,734,720 Israel
23%
146 1,885,400 Latvia
23%
143 2,306,000 Lesotho
23%
135 2,862,274 Lithuania
23%
61 21,507,723 Malawi
23%
57 22,594,000 Mali
23%
167 519,562 Malta
23%
154 1,261,196 Mauritius
23%
50 29,164,578 Nepal
23%
89 10,421,117 Portugal
23%
145 2,116,972 Slovenia
23%
74 13,249,924 South Sudan
23%
87 10,538,026 Sweden
23%
99 8,812,728 Switzerland
23%
95 9,282,410 United Arab Emirates
23%
137 2,793,592 Albania
15%
90 10,135,373 Azerbaijan
15%
171 397,360 Bahamas
15%
168 441,471 Belize
15%
78 12,606,998 Benin
15%
133 3,320,954 Bosnia and Herzegovina
15%
142 2,410,338 Botswana
15%
169 440,715 Brunei
15%
109 6,447,710 Bulgaria
15%
77 12,837,740 Burundi
15%
113 5,633,412 Central African Republic
15%
111 5,970,000 Congo
15%
157 918,100 Cyprus
15%
112 5,941,388 Denmark
15%
156 1,001,454 Djibouti
15%
153 1,336,222 East Timor
15%
149 1,558,160 Equatorial Guinea
15%
130 3,684,000 Eritrea
15%
114 5,541,016 Finland
15%
144 2,233,272 Gabon
15%
148 1,667,864 Guinea-Bissau
15%
161 743,699 Guyana
15%
93 9,546,178 Honduras
15%
172 390,830 Iceland
15%
122 5,149,139 Ireland
15%
138 2,727,503 Jamaica
15%
83 11,413,322 Jordan
15%
124 4,670,713 Kuwait
15%
103 7,337,783 Laos
15%
116 5,490,000 Lebanon
15%
163 660,809 Luxembourg
15%
139 2,604,000 Moldova
15%
132 3,501,862 Mongolia
15%
164 617,683 Montenegro
15%
140 2,596,037 Namibia
15%
147 1,832,696 North Macedonia
15%
115 5,504,329 Norway
15%
97 9,122,994 Papua New Guinea
15%
102 7,453,695 Paraguay
15%
136 2,799,202 Qatar
15%
107 6,647,003 Serbia
15%
118 5,453,600 Singapore
15%
119 5,428,792 Slovakia
15%
165 616,500 Suriname
15%
101 8,095,498 Togo
15%
152 1,365,805 Trinidad and Tobago
15%
110 6,431,000 Turkmenistan
15%
131 3,554,915 Uruguay
15%
134 2,981,200 Armenia
8%
159 763,200 Bhutan
8%
105 6,884,888 El Salvador
8%
141 2,417,471 Gambia
8%
129 3,736,400 Georgia
8%
125 4,661,010 Liberia
8%
106 6,812,000 Libya
8%
126 4,372,037 Mauritania
8%
121 5,216,762 New Zealand
8%
108 6,595,674 Nicaragua
8%
123 5,035,658 Oman
8%
117 5,483,450 Palestine
8%
127 4,278,500 Panama
8%
41 34,110,821 Saudi Aradia
8%
100 8,494,260 Sierra Leone
8%
94 9,506,000 Tajikistan
8%
120 5,213,362 Coasta Rica
0%
85 10,827,529 Czech Reoublic
0%
104 7,100,000 Kyrgyztan
0%
68 17,598,000 Somolia
0%
80 11,803,588 Tunsia
0%
No matching quizzes found
Score Distribution
Percent of People with Each Score
Percentile by Number Answered
Your Score History
You have not taken this quiz